000 01716nam a2200421 c 4500
003 BLK
005 20250331162113.0
008 180411b bul|||||r ||||||| ||bul||
010 _aKNG00213461000
020 _a978-619-153-189-9
_q9786191531899
040 _aBLK
041 _aBUL
_cBUL
072 7 _2bullib
_aН92
080 _aИстория на Русия и СССР. Вж и 936 ; 957
_b94(470)
080 _aВтора световна война
_b355.48(100)"1939/1945"
100 1 _aЖданов, Михаил Михайлович
_eпърви автор
_9276966
139 _aЖданов, Михаил Михайлович
_bЖ 27
245 1 0 _aБитката за Сталинград
_bЖуков срещу Паулус; Спомени на участниците; Съдбата на немските пленници
_cМихаил Михайлович Жданов; прев. от рус. Наташа Стоянова
257 _aRUS
260 _bПаритет
_c2018
_aСофия
300 _a208 с.
_c21 см
380 _a3
500 _aБез сведение за ориг. загл.
650 0 _aВоенна история
_9250898
651 4 _aРусия
_9179465
651 7 _aСталинград
_9179593
653 7 _aгенерали
_9183909
653 7 _aвоеннопленници
_9183577
700 _aСтоянова, Наташа
_eпрев. от рус.
_9384885
852 _bП
_cП 355.4/Ж 27
856 4 _qpdf
856 4 _qpdf
942 _cKNG
_n0
_015
944 _aCR
_c23.10.2017
_lДиана Гривева
_k30529
944 _aED
_c01.11.2017
_lф /
_kЛюдмила_Стоянова
999 _c326007
_d326007
999 _d326007
999 _d203917